Oxford excavations in Nubia /

محفوظ في:

المؤلف الرئيسي: Griffith, F. Ll. 1862-1934 (مؤلف)

التنسيق: كتاب

اللغة: English

الموضوعات:

الوسوم: إضافة وسم

لا توجد وسوم, كن أول من يضع وسما على هذه التسجيلة!

رقم الطلب:

LEADER 01040nam a2200289Ma 4500
001 10999
003 OSt
005 20210823104551.0
008 130303m19211928enkabe g 000 0 eng d
952 |0 0  |1 0  |2 lcc  |4 0  |7 1  |9 25210  |a ARCE  |b ARCE  |d 2022-01-25  |l 0  |r 2022-01-25 00:00:00  |w 2022-01-25  |y BK 
999 |c 14891  |d 14891 
040 |c ARCE Library 
043 |a fl----- 
049 |a ARCE 
100 1 |a Griffith, F. Ll.  |q (Francis Llewellyn),  |d 1862-1934,  |e author. 
245 1 0 |a Oxford excavations in Nubia /  |c by F. Ll. Griffith. 
264 1 |a [Liverpool :  |b University of Liverpool,  |c 1921-1928]. 
300 |a 10 parts in 7 volume :  |b illustrations (some color), maps, plans ;  |c 27 cm 
336 |a text  |b txt  |2 rdacontent 
337 |a unmediated  |b n  |2 rdamedia 
338 |a volume  |b nc  |2 rdacarrier 
500 |a Includes folded illustrations. 
650 0 |a Excavations (Archaeology)  |z Nubia. 
651 0 |a Nubia  |x Antiquities. 
773 0 |t Annals of archaeology and anthropology  |g 8-15 (1921-1928) 
852 |a IN  |c 20090707090742.0n  |p 10728 
942 |c BK  |2 lcc